000 00704cam a2200241 4500
008 #DATE n1994 000 0 eng u
020 _a1857120280
035 _a(Sirsi) u120745
041 _aeng
050 _a657.73
110 _aAccounting Standards Board
_93454
245 _aAmendment to SSAP 19 Accounting for Investment properties, July 1994.
260 _aLondon
_bAccounting Standards Board
_c1994
300 _a6p.
_c21cm.
350 _a1.50
490 _aASB Amendment to SSAP
_v19
650 _aACCOUNTING STANDARDS
650 _aINVESTMENT PROPERTIES
650 _aPROPERTY INVESTMENT
650 _aSSAP 19
690 _aPROPERTY-PROPERTY FINANCE AND INVESTMENT
942 _n0
999 _c102555
_d102555